• 首页
  • 本馆介绍
  • 公告通知
  • 最新文献
  • 馆藏检索
  • 电子资源
  • 读者荐购
  • 参考咨询
  • CALIS
  • 我的图书馆
  • 登录
  • 详细信息显示
  • 放入我的书架
  • 预约/预借图书
  • 作者相关作品
  • 分类相关作品
  • 丛书相关作品
  • 出版社相关作品

书目信息

  • 表格格式
  • 工作单格式
  • 卡片格式
题名:
电工学 (第六版) 学习辅导与习题选解
    
 
作者: 秦曾煌 著
分册:  
出版信息: 北京   高等教育出版社  2004.7
页数: 272页
开本: 23cm
丛书名:
单 册:
中图分类: TM1-44
科图分类:
主题词: 电工学--dian gong xue--高等学校--教学参考资料
电子资源:
ISBN: 7-04-014520-0
 
 
 
 
 
000 01158nam0 2200301 450
001 CAL 012004083230
005 20050630090326.84
010    @a7-04-014520-0@dCNY 22.10
099    @aCAL 012004083230
100    @a20040810d2004 em y0chiy0121 ea
101 0  @achi
102    @aCN@b110000
105    @aak z 000yy
200 1  @a电工学 (第六版) 学习辅导与习题选解@Adian gong xue ( di liu ban ) xue xi fu dao yu xi ti xuan jie@f秦曾煌编
210    @a北京@c高等教育出版社@d2004.7
215    @a272页@c图@d23cm
311    @a本书与秦曾煌主编的《电工学》(第六版)(上、下册)配套。
330    @a全书逐章按“基本要求”、“阅读指导”和“习题选解”三个方面加以论述。全书体现了编者几十年从事电工学教学工作丰富的教学经验,内容扼要,明确指出本课程的重点和难点内容,以及学生在学习中的疑难之处与错误概念。
333    @a高等学校教学参考书
488  0 @12001 @a电工学@1205 @a第6版@1701 0@a秦曾煌
606 0  @a电工学@Adian gong xue@x高等学校@j教学参考资料
690    @aTM1-44@v4
701  0 @a秦曾煌@Aqin zeng huang@4著
801  0 @aCN@bNMU@c20050630
801  2 @aCN@bDUTL@c20050524
905    @a10447@dTM1-44@eQ390
906    @dCNY22.10@n0@r1
998    @aNMU
    
    电工学 (第六版) 学习辅导与习题选解/秦曾煌编.-北京:高等教育出版社,2004.7
    272页:图;23cm
    使用对象:高等学校教学参考书
    
    ISBN 7-04-014520-0:CNY 22.10
    全书逐章按“基本要求”、“阅读指导”和“习题选解”三个方面加以论述。全书体现了编者几十年从事电工学教学工作丰富的教学经验,内容扼要,明确指出本课程的重点和难点内容,以及学生在学习中的疑难之处与错误概念。
●
相关链接 在E读中查询图书 在当当中查询图书 在豆瓣中查询图书


正题名:电工学 (第六版) 学习辅导与习题选解     索取号:TM1-44/Q390         预约/预借

序号 登录号 条形码 馆藏地/架位号 状态 备注
1 537579   205375798   自科库301/ [索取号:TM1-44/Q390] 在馆    
2 537580   205375805   自科库301/301自科库 7排3列3层/ [索取号:TM1-44/Q390] 在馆    
3 537581   205375814   自科库301/301自科库 7排3列3层/ [索取号:TM1-44/Q390] 在馆    
河南城建学院图书馆 欢迎您!
大连网信软件有限公司© 版权所有